Kiến thức phục vụ thuyết minh du lịch : Giáo trình trường đào tạo nghiệp vụ du lịch Sàigòn . t. I
Guardado en:
| Formato: | Sách giấy |
|---|---|
| Lenguaje: | Vietnamese |
| Publicado: |
TP.HCM :
TP.HCM ,
1995
|
| Etiquetas: |
Agregar Etiqueta
Sin Etiquetas, Sea el primero en etiquetar este registro!
|
| Thư viện lưu trữ: | Thư viện Trường Đại học Đà Lạt |
|---|
| LEADER | 00618nam a2200241 4500 | ||
|---|---|---|---|
| 001 | DLU020016288 | ||
| 005 | ##11/7/2000 | ||
| 020 | # | # | |a 978- |
| 041 | # | # | |a vie |
| 082 | # | # | |a 915.97 |b HIE |
| 090 | # | # | |a 915.97 |b HIE |
| 245 | # | # | |a Kiến thức phục vụ thuyết minh du lịch : |b Giáo trình trường đào tạo nghiệp vụ du lịch Sàigòn . |n t. I |
| 260 | # | # | |a TP.HCM : |b TP.HCM , |c 1995 |
| 300 | # | # | |a 383 tr.; |c 20 cm. |
| 992 | # | # | |a 30000 |
| 994 | # | # | |a DLU |
| 900 | # | # | |a False |
| 911 | # | # | |a Administrator |
| 925 | # | # | |a G |
| 926 | # | # | |a A |
| 927 | # | # | |a SH |
| 980 | # | # | |a Thư viện Trường Đại học Đà Lạt |